| 000 | 01895nam a2200457 i 4500 | ||
|---|---|---|---|
| 001 | 53920 | ||
| 003 | KOSZ 005 | ||
| 005 | 20220117122256.0 | ||
| 008 | 211222s2003 pl f f 000 0 pol | ||
| 015 | _aPB 2005/13703 | ||
| 020 | _a8373650318 | ||
| 040 |
_aWA N _cWA N _dKOSZ 005/RW |
||
| 046 | _k2003 | ||
| 080 | _a311 | ||
| 080 | _a519.2 | ||
| 080 | _a(075.8) | ||
| 100 | 1 |
_aWojna, Aleksander _eAutor |
|
| 245 | 1 | 0 |
_aAnaliza statystyczna oraz prognozowanie w modelach ekonomicznych. _nCz. 1, _pWprowadzenie do statystyki opisowej, rachunku prawdopodobieństwa i statystyki matematycznej / _cAleksander Wojna ; [recenzenci: Ignacy Kuźniak, Józef Sadowski]. |
| 260 |
_aKoszalin : _bWydawnictwo Uczelniane Politechniki Koszalińskiej, _c2003. |
||
| 300 |
_a305 stron ; _c24 cm. |
||
| 336 |
_aTekst _btxt _2rdacontent |
||
| 337 |
_aBez urządzenia pośredniczącego _bn _2rdamedia |
||
| 338 |
_aWolumin _bnc _2rdacarrier |
||
| 380 | _aKsiążki | ||
| 380 | _aPublikacje dydaktyczne | ||
| 385 |
_mPoziom nauczania _aSzkoły wyższe |
||
| 388 | 1 | _a2001- | |
| 504 | _aBibliografia na stronie 305. | ||
| 521 | 8 | _aDla studentów wydziałów ekonomicznych dziennych i zaocznych, doktorantów oraz wykładowców tych wydziałów. | |
| 650 | 7 | _aStatystyka matematyczna | |
| 650 | 7 | _aRachunek prawdopodobieństwa | |
| 650 | 7 | _aStatystyka opisowa | |
| 655 | 7 | _aPodręczniki akademickie | |
| 658 | _aMatematyka | ||
| 700 | 1 |
_aKuźniak, Ignacy _eRecenzja |
|
| 700 | 1 |
_aSadowski, Józef _eRecenzja |
|
| 710 | 2 |
_aWydawnictwo Uczelniane (Politechnika Koszalińska) _4pbl |
|
| 856 |
_uhttp://dlibra.tu.koszalin.pl/dlibra/docmetadata?id=222&from=&dirids=1&ver_id=&lp=2&QI= _yBiblioteka Cyfrowa |
||
| 856 |
_uhttp://koha.tu.koszalin.pl/cgi-bin/koha/opac-detail.pl?biblionumber=53920 _yKatalog online BPK |
||
| 942 |
_2UKD _cKS |
||
| 999 |
_c53920 _d53920 |
||